| 000 | 03634cam a22004335a 4500 | ||
|---|---|---|---|
| 005 | 20100908232957.0 | ||
| 010 | _aENG-101497 | ||
| 020 |
_a9788124115336 _c795.00 |
||
| 025 | _aI-E-2010-327658; 33 | ||
| 035 | _aEN-85030 | ||
| 035 | _aB-424357-370 | ||
| 037 | _bDBAD/PUB | ||
| 037 | _bBlueberry Books | ||
| 082 | _a641.5636 | ||
| 100 | 1 |
_aOsman, Shawkat _928676 |
|
| 245 | 1 | 0 |
_aEast India vegetarian cookbook / _cby Shawkat Osman. |
| 246 | 3 | 0 | _aVegetarian cookbook |
| 260 |
_aNew Delhi _bHar-Anand Publications _c2010 |
||
| 270 |
_aE-49/3, Okhla Industrial Area, Phase-II _bNew Delhi _e110020 |
||
| 300 |
_a160 p. : _bill. (chiefly col.) _c25cm (Hb) |
||
| 500 | _aIncludes index | ||
| 942 |
_2ddc _cEN _mOSM _h641.5636 |
||
| 999 |
_c47303 _d47303 |
||